Plant-animal interactions : (Registro nro. 3740)

Detalles MARC
000 -CABECERA
Campo de control 01657cam a2200277 a 4500
005 - FECHA Y HORA DE LA ULTIMA TRANSACCION
Campo de control 20160228124626.0
008 - ELEMENTOS DE LONGITUD FIJA—INFORMACION GENERAL
Campo de control 070805s2002 enkadf r 001 0 eng d
020 ## - ISBN
ISBN 0632052678
040 ## - FUENTE DE CATALOGACIÓN
Agencia catalogadora original IDU
Agencia transcriptora IDU
Agencia Modificadora UBA
-- OCLCQ
-- AGX
-- ONU
-- MOA
-- AGL
-- DLC
-- CO-BoPUJ
-- CO-BoIAVH
041 0# - IDIOMA
Código de idioma para texto/pista de sonido o título separado Inglés
044 ## - PAÍS DE PUBLICACIÓN
País de publicación Inglaterra
082 04 - NUMERO DE CLASIFICACION DECIMAL DEWEY
Número de clasificación 574.524
Número del ítem P51p
245 00 - MENCION DE TITULO
Título Plant-animal interactions :
Parte restante del título an evolutionary approach /
Mención de responsabilidad edited by Carlos M. Herrera and Olle Pellmyr
260 ## - PUBLICACION, DISTRIBUCION, ETC. (PIE DE IMPRENTA)
Lugar de publicación, distribución, etc. Oxford, UK :
-- Malden, Massachusetts :
Nombre del editor, distribuidor, etc. Blackwell Publishing,
Fecha de publicación, distribución, etc. 2002.
300 ## - DESCRIPCION FISICA
Extensión xii, 313 páginas :
Otros detalles físicos ilustraciones, gráficas y tablas ;
Dimensiones 25 x 19 cm.
500 ## - NOTA GENERAL
Nota general Incluye índice.
504 ## - NOTA DE BIBLIOGRAFIA, ETC.
Nota de bibliografía Incluye referencias bibliográficas: Páginas 263-293.
505 0# - NOTA DE CONTENIDO
Title Species interactions and the evolution of biodiversity /
Statement of responsibility Peter W. Price. --
Miscellaneous information The
Title history of association between plants and animals /
Statement of responsibility Conrad C. Labandeira. --
Title Plant-insect interactions in terrestrial ecosystems /
Statement of responsibility Sharon Y. Strauss and Arthur R. Zangerl. --
Title Mammalian herbivory in terrestrial environments /
Statement of responsibility Kjell Danell and Roger Bergstróm. --
Title Granivory /
Statement of responsibility Philip E. Hulme and Craig W. Benkman. --
Title Pollination by animals /
Statement of responsibility Olle Pellmyr. --
Title Seed dispersal by vertebrates /
Statement of responsibility Carlos M. Herrera. --
Title Ant-plant interactions /
Statement of responsibility Andrew J. Beattie and Lesley Hughes. --
Title Plant-animal interactions : future directions /
Statement of responsibility John N. Thompson.
650 14 - ASIENTO SECUNDARIO DE MATERIA - TERMINO TEMATICO
Término temático o nombre geográfico como elemento de entrada Biocenosis
9 (RLIN) 9061
650 24 - ASIENTO SECUNDARIO DE MATERIA - TERMINO TEMATICO
Término temático o nombre geográfico como elemento de entrada Relaciones planta-animal
9 (RLIN) 7182
650 24 - ASIENTO SECUNDARIO DE MATERIA - TERMINO TEMATICO
Término temático o nombre geográfico como elemento de entrada Evolución (Biología)
9 (RLIN) 63100
650 24 - ASIENTO SECUNDARIO DE MATERIA - TERMINO TEMATICO
Término temático o nombre geográfico como elemento de entrada Diversidad biológica
9 (RLIN) 63101
700 1# - ASIENTO SECUNDARIO - NOMBRE PERSONAL
Nombre personal Herrera, Carlos M.
Término de relación Editor
9 (RLIN) 18910
700 1# - ASIENTO SECUNDARIO - NOMBRE PERSONAL
Nombre personal Pellmyr, Olle
Término de relación Editor
9 (RLIN) 18914
942 ## - ELEMENTOS ADICIONALES (KOHA)
Sistema de clasificación Dewey Decimal Classification
Tipo de ítem Libro
Existencias
Withdrawn status Lost status Sistema de Clasificación Damaged status No para préstamo Colección Inventariado Ubicación Permanente Ubicación actual Fecha de adquisición Fuente de Valor Valor Total Checkouts Total Renewals Número topográfico Inventario / Código de Barras Date last seen Date checked out Ejemplar Price effective from Forma de adquisición Tipo de material
    Dewey Decimal Classification     General Inventariado 2017 Bogotá Bogotá 12/03/2004 Instituto 39000.00 1 1 LB-574.524 P51p 018148 02/04/2018 20/02/2018 Ej. 1 04/12/2012   Libro